000 00524nam a2200193Ia 4500
008 101110s9999 xx 000 0 und d
041 _aENGLISH
082 _bSR4517
_a380
100 _aJain Dugar
245 _aSecretarial Drafting and Business Correspondence
365 _b8.5
520 _aCommerce
546 _aENGLISH
630 _aSecretarial Drafting and Business Correspondence
650 _aCommerce
655 _aCommerce
730 _aSecretarial Drafting and Business Correspondence
942 _cBOOK
999 _c800711
_d800708